| 000 | 00728nam a2200205Ia 4500 | ||
|---|---|---|---|
| 999 |
_c36275 _d36275 |
||
| 001 | 2182 | ||
| 003 | GE_BSU | ||
| 005 | 20190508202534.0 | ||
| 008 | 181216s2006||||ge |||||||||||||| ||geo|| | ||
| 040 | _cGE_BSU | ||
| 080 | _a342.4(479.22) ს–32 | ||
| 245 |
_aსაქართველოს კონსტიტუცია : _bგამოცემულია 2006 წლის 10 თებერვლის მდგომარეობით. |
||
| 260 | _aთბილისი | ||
| 260 | _bრაიზი | ||
| 260 | _c2006 | ||
| 300 |
_a461 გვ. _b19 სმ. |
||
| 653 | _aსამართალი | ||
| 653 | _a საქართველოს კონსტიტუცია | ||
| 942 |
_cBK _2udc |
||